Pokémon - Les attaques de Pyrobut - Statistiques

Statistiques générales
  • Ce quiz a été pris 29 fois
  • Le résultat moyen est 11 sur 14
Statistiques - réponses
Niveaux Types Noms des attaques % Correct
Départ Normal Charge
100%
Départ Feu Flammèche
100%
Niveau 46 Vol Rebond
100%
Départ Normal Rugissement
100%
Départ Évolution Feu Ballon Brûlant
94%
Niveau 12 Combat Double Pied
94%
Niveau 62 Normal Change-Côté
76%
Niveau 24 Psy Hâte
76%
Niveau 19 Feu Nitrocharge
76%
Départ Normal Vive-Attaque
76%
Niveau 54 Normal Damoclès
59%
Niveau 38 Combat Riposte
47%
Niveau 30 Normal Coup d'Boule
35%
Départ Normal Ruse
18%
Aucun quiz correspondant
Distribution des résultats
% des personnes avec chaque résultat
Percentile par nombre de réponses
Votre historique - résultats
Vous n’avez pas pris ce quiz